Saint-Etienne Top 10 Leaders - Statistics

General Stats
  • This quiz has been taken 86 times
  • The average score is 5 of 18
Answer Stats
Goals Apps Player % Correct
0 383 Stéphane Ruffier
88%
30 472 Loïc Perrin
83%
212 402 Hervé Revelli
50%
99 492 Robert Herbin
33%
0 386 Jérémie Janot
32%
100 399 Jean-Michel Larqué
30%
0 383 Ivan Curkovic
27%
140 186 Salif Keïta
27%
8 394 Gérard Janvion
25%
28 452 Christian Lopez
15%
7 410 Gérard Farison
10%
152 335 Rachid Mekhloufi
10%
43 533 René Domingo
10%
92 156 Eugène N'Jo Léa
8%
94 182 Antoine Rodriguez
7%
92 258 Ignace Tax
7%
104 262 René Alpsteg
7%
103 108 Yvan Beck
7%
No matching quizzes found
Score Distribution
Percent of People with Each Score
Percentile by Number Answered
Your Score History
You have not taken this quiz